El cerco de La Coruña en 1589 y Mayor Fernández Pita (Record no. 159012)
[ view plain ]
| 000 -LEADER | |
|---|---|
| campo de control de longitud fija | 00922nam a22002295i 4500 |
| 001 - NÚMERO DE CONTROL | |
| campo de control | 159012 |
| 003 - IDENTIFICADOR DE NÚMERO DE CONTROL | |
| campo de control | ES-MaACL |
| 005 - FECHA Y HORA DE LA ÚLTIMA TRANSACCIÓN | |
| campo de control | 20230906211420.0 |
| 008 - DATOS DE LONGITUD FIJA--INFORMACIÓN GENERAL | |
| campo de control de longitud fija | 950111s1889 sp |||| | spa d |
| 040 ## - FUENTE DE CATALOGACIÓN | |
| Centro catalogador/agencia de origen | PAB |
| Lengua de catalogación | spa |
| 100 ## - ENTRADA PRINCIPAL--NOMBRE DE PERSONA | |
| Nombre de persona | Martínez Salazar, Andrés, |
| Fechas asociadas al nombre | n. 1846 |
| 9 (RLIN) | 188184 |
| 245 13 - MENCIÓN DEL TÍTULO | |
| Título | El cerco de La Coruña en 1589 y Mayor Fernández Pita |
| Resto del título | : apuntes y documentos / |
| Mención de responsabilidad, etc. | A. Martínez Salazar. |
| 260 ## - PUBLICACIÓN, DISTRIBUCIÓN, ETC. | |
| Lugar de publicación, distribución, etc. | La Coruña : |
| Nombre del editor, distribuidor, etc. | Andrés Martínez, |
| Fecha de publicación, distribución, etc. | 1889 ( |
| Fabricante | Tipografía de la Sra. Viuda de Ferrer e hijo) |
| 300 ## - DESCRIPCIÓN FÍSICA | |
| Extensión | 240 p., [3] h. pleg. ; |
| Dimensiones | 19 cm. |
| 490 1# - MENCIÓN DE SERIE | |
| Mención de serie | Biblioteca gallega ; |
| Designación de volumen o secuencia | 20 |
| 597 ## - NOTA DE DESCRIPCIÓN FÍSICA | |
| NOTA DE DESCRIPCIÓN FÍSICA | Las h. pleg. reproducen copias y extractos de documentos relativos a Mayor Pita. |
| 600 14 - PUNTO DE ACCESO ADICIONAL DE MATERIA--NOMBRE DE PERSONA | |
| Nombre de persona | Pita, María- |
| Subdivisión de forma | Biografías. |
| 9 (RLIN) | 131188 |
| 651 #4 - PUNTO DE ACCESO ADICIONAL DE MATERIA--NOMBRE GEOGRÁFICO | |
| Nombre geográfico | Galicia- |
| Subdivisión general | Historia- |
| Subdivisión cronológica | S. XVI. |
| 9 (RLIN) | 188185 |
| 830 0# - PUNTO DE ACCESO ADICIONAL DE SERIE-TÍTULO UNIFORME | |
| Título uniforme | Biblioteca gallega ; |
| Designación de volumen o secuencia | 20 |
| 9 (RLIN) | 180864 |
| 852 ## - LOCALIZACIÓN | |
| Ubicación | ES-MaACL |
| Número de control de estantería | G-9218 |
| Nota libre | -- Enc. pasta |
| Estatus retirado | Estado de pérdida | Estado de daño | No para préstamo | Colección | Biblioteca de origen | Biblioteca actual | Ubicación en estantería | Fecha de adquisición | Fuente de adquisición | Total de préstamos | Signatura topográfica completa | Código de barras | Visto por última vez | Precio de reemplazo | Tipo de ítem Koha |
|---|---|---|---|---|---|---|---|---|---|---|---|---|---|---|---|
| Libros del s. XIX | Biblioteca del Ateneo de Madrid | Biblioteca del Ateneo de Madrid | Sala Pecera Planta 3 | 17/01/2008 | G-9218 | 1166458 | 23/02/2023 | 23/02/2023 | Libro impreso antiguo |
